000 00282nam a2200109Ia 4500
001 1265422
005 20260417142026.0
008 260417s9999 xx 000 0 und d
020 _a9786050676211
245 0 _aSoruların Peşinde
_cİhsan Fazlıoğlu
260 _bKetebe Yayınları
999 _c1265422
_d1265422